Economía Laboral (Registro nro. 3831)

Detalles MARC
000 -LEADER
fixed length control field 01780 a2200289 4500
001 - CONTROL NUMBER
control field 44882
005 - DATE AND TIME OF LATEST TRANSACTION
control field 20260407155723.0
008 - FIXED-LENGTH DATA ELEMENTS--GENERAL INFORMATION
fixed length control field 260407a2007 arg spa d
003 - CONTROL NUMBER IDENTIFIER
control field AR-UNSa-BCEJYS
040 ## - CATALOGING SOURCE
Original cataloging agency AR-UNSa-BCEJYS
Language of cataloging spa
Transcribing agency AR-UNSa-BCEJYS
080 ## - UNIVERSAL DECIMAL CLASSIFICATION NUMBER
Universal Decimal Classification number 331.101.26
Common auxiliary subdivision Economía del trabajo
020 ## - INTERNATIONAL STANDARD BOOK NUMBER
International Standard Book Number 978-84-481-5649-7
041 ## - LANGUAGE CODE
Language code of text/sound track or separate title spa
100 1# - MAIN ENTRY--PERSONAL NAME
Personal name McConnell, Campbell R.
245 10 - TITLE STATEMENT
Title Economía Laboral
250 ## - EDITION STATEMENT
Edition statement 7a. ed.
264 #1 - PRODUCTION, PUBLICATION, DISTRIBUTION, MANUFACTURE, AND COPYRIGHT NOTICE
Place of production, publication, distribution, manufacture Madrid :
Name of producer, publisher, distributor, manufacturer McGraw-Hill
Date of production, publication, distribution, manufacture, or copyright notice 2007
300 ## - PHYSICAL DESCRIPTION
Extent xviii, 598 p.
Dimensions 25 cm.
505 ## - FORMATTED CONTENTS NOTE
Formatted contents note 1. La economía laboral: introducción y visión panorámica – 2. La teoría de la oferta de trabajo del individuo – 3. La población, las tasas de actividad y las horas de trabajo – 4. La calidad del trabajo: la inversión en capital humano – 5. La demanda de trabajo – 6. La determinación de los salarios y la asignación del trabajo – 7. Los sistemas de remuneración y la eficiencia del trabajo – 8. La estructura salarial – 9. La movilidad, la migración y la eficiencia – 10. Los sindicatos y la negociación colectiva – 11. El Estado y el mercado de trabajo: empleo, gasto e impuestos – 12. El Estado y el mercado de trabajo: legislación y normativa - 13. La discriminación en el mercado de trabajo – 14. La búsqueda de empleo: externa e interna – 15. La distribución personal de las ganancias – 16. La productividad del trabajo: salarios, precios y empleo – 17. Empleo y paro -
590 ## - LOCAL NOTE (RLIN)
Local note niveau_biblio:m niveau_hierar:0
700 1# - ADDED ENTRY--PERSONAL NAME
Personal name Brue, Stanley L.
700 1# - ADDED ENTRY--PERSONAL NAME
Personal name Rabasco, María Esther
700 1# - ADDED ENTRY--PERSONAL NAME
Personal name Macpherson, David A.
700 1# - ADDED ENTRY--PERSONAL NAME
Personal name Toharia Cortés, Luis
856 41 - ELECTRONIC LOCATION AND ACCESS
Uniform Resource Identifier <a href="https://www.biblioeco.unsa.edu.ar/pmb/images/libros/L127013.jpg">https://www.biblioeco.unsa.edu.ar/pmb/images/libros/L127013.jpg</a>
Link text Imagen de portada
Electronic format type image/jpeg
942 ## - ADDED ENTRY ELEMENTS (KOHA)
Koha item type
Existencias
Withdrawn status Lost status Damaged status Not for loan Home library Current library Shelving location Date acquired Total checkouts Full call number Barcode Date last seen Price effective from Koha item type
        Biblioteca Prof. Eusebio Cleto del Rey Biblioteca Prof. Eusebio Cleto del Rey   07/04/2026   331.101.26 M478 3ed. L127013 07/04/2026 07/04/2026 Libro